000 00497nam a2200193Ia 4500
005 20240823013805.0
008 240823s9999||||xx |||||||||||||| ||und||
020 _a981-240-622-0
041 _aENGLISH
082 _A005.73 P4
100 _a"Gilberg,Richard F"
245 0 _aData Structures : A Pseudocode Approach with C
250 _a1st
260 _c2004
_b"Thompson,Aust"
500 _aTRANSFERED
650 _aData Structure
_bInformation Technology
942 _cBK
999 _c168238
_d168238